000 00657nam a2200217Ia 4500
008 220216s9999 xx 000 0 und d
100 _aLiu Lan
245 0 _aStructure and properties of natural rubber-organoclay nanocomposites prepared by grafting and intercalating method in latex
260 _bJournal of Elastomers and Plastics
_c2006
300 _a147-161
650 _aButyl acrylate
650 _aGrafting and intercalating method
650 _aNanocomposites
650 _aNatural rubber latex
650 _aOrganoclay
700 _aFu Weiwen
700 _aGuo Baochun
700 _aJia Demin
700 _aLuo Yuanfang
942 _cJS
999 _c69477
_d69477